000 00276nam a22001217a 4500
041 _aENG
100 _aKumar .D.S
245 _aMechanical Measurements And Control
260 _aDelhi
_bMetropolitan Book Co.
_c1990
300 _a718
650 _aM.Tech
856 _uM.Tech -(7)
999 _c995
_d995